Mixed Word: London Attractions Quiz Stats

 Plays Quiz Updated Jun 30, 2016

Also try: Mixed Word: Cities
Challenge
Share
Tweet
Embed
Score 0/24 Timer 05:00
0 Plays Today
Mixed Word London Attraction % Correct
YEEEYE
99.6%
OZOZOO
99.4%
GBI NBEBIG BEN
96.1%
NUDGEONDUNGEON
89.1%
HEDY KRAPHYDE PARK
85.9%
WROTETOWER
83.5%
BEGLO HETATERGLOBE THEATRE
79.2%
BISHIRT SUEMUMBRITISH MUSEUM
78.7%
VIRRE HAMSETRIVER THAMES
78.7%
MAKINGCHUB ACEPALBUCKINGHAM PALACE
78.4%
BEGRIDBRIDGE
77.5%
ETTA ALLERGYTATE GALLERY
77.2%
Mixed Word London Attraction % Correct
TS. LASP'U HATCRADLEST. PAUL'S CATHEDRAL
77%
RESTEWSMINT BAYBEWESTMINSTER ABBEY
74.9%
ATTE RODMENTATE MODERN
73.9%
AIRQUAMUAQUARIUM
72.3%
BIRTHIS ILAYBRRBRITISH LIBRARY
64.1%
RAYLO BRALET LAHLROYAL ALBERT HALL
63.5%
FARTLARAG QUASERTRAFALGAR SQUARE
63%
ATONALIN REGALLYNATIONAL GALLERY
56.1%
ELMYWEB MUSTAIDWEMBLEY STADIUM
52.1%
MAMAED ASUSDUSTMADAME TUSSAUDS
51%
ANARLUT SHIRTYO USEMUMNATURAL HISTORY MUSEUM
45.8%
MACEND MATREKCAMDEN MARKET
43.2%

You're not logged in!

Compare scores with friends on all Sporcle quizzes.
Join for Free
OR
Log In

You Might Also Like...

Show Comments

Extras

Top Quizzes Today


Score Distribution

Your Account Isn't Verified!

In order to create a playlist on Sporcle, you need to verify the email address you used during registration. Go to your Sporcle Settings to finish the process.

Report this User

Report this user for behavior that violates our Community Guidelines.

Details: